000 00345nam a22001337a 4500
003 OSt
005 20160727222418.0
008 160625b xxu||||| |||| 00| 0 eng d
100 _91194
_a Hill, H
245 _aHow to Live Like a King's Kid
260 _aN.J
_b Logos International
_c1974
300 _aHow to Live Like a King's Kid
942 _2ddc
_cBK
999 _c971
_d971